[Event "Andorra op 34th"]
[Site "Escaldes"]
[Date "2016.08.10"]
[Round "8"]
[White "Podvin, Francois Xavier"]
[Black "Cimer, Emmanuel"]
[Result "0-1"]
[WhiteElo "2165"]
[BlackElo "2230"]
[PlyCount "54"]
[EventDate "2016.08.03"]
[EventType "swiss"]
[EventRounds "9"]
[EventCountry "AND"]
[SourceTitle "CBM 173 Extra"]
[Source "ChessBase"]
[SourceDate "2016.08.29"]
[SourceVersion "1"]
[SourceVersionDate "2016.08.29"]
[SourceQuality "1"]

1. a3 g6 2. h4 Nf6 3. d3 Bg7 4. c4 e5 5. Nc3 h6 6. g3 d6 7. Bg2 c6 8. Nf3 Nbd7 9. 0-0 0-0 10. Rb1 Ng4 11. Nh2 Nxh2 12. Kxh2 f5 13. b4 Nf6 14. b5 Qc7 15. Bd2 f4 16. Qa4 Bd7 17. bxc6 bxc6 18. Qa6 fxg3+ 19. fxg3 Ng4+ 20. Kg1 Rxf1+ 21. Rxf1 Rb8 22. Ne4 Rb2 23. Ba5 Qb8 24. Bf3 Ne3 25. Rf2 Ra2 26. Bd2 Ra1+ 27. Kh2 Qb1 0-1

[Event "ARG-ch sf"]
[Site "Vicente Lopez"]
[Date "2016.06.26"]
[Round "2"]
[White "Banfi, Pablo"]
[Black "Cimer, Emmanuel"]
[Result "0-1"]
[WhiteElo "1787"]
[BlackElo "2143"]
[PlyCount "86"]
[EventDate "2016.06.25"]
[EventType "swiss"]
[EventRounds "9"]
[EventCountry "ARG"]
[SourceTitle "CBM 173 Extra"]
[Source "ChessBase"]
[SourceDate "2016.08.29"]
[SourceVersion "1"]
[SourceVersionDate "2016.08.29"]
[SourceQuality "1"]

1. e4 c5 2. Nf3 d6 3. d4 cxd4 4. Nxd4 Nf6 5. Nc3 g6 6. Be2 Bg7 7. Be3 0-0 8. Qd2 Ng4 9. Bxg4 Bxg4 10. Bh6 Bxh6 11. Qxh6 Nc6 12. Qd2 Ne5 13. Rb1 Rc8 14. Nd5 Be6 15. Nxe6 fxe6 16. Ne3 Rf4 17. Qb4 Rxc2 18. 0-0 Rc7 19. Qd4 Qc8 20. f3 b6 21. Qa4 a6 22. Qb3 b5 23. Rbd1 Rf8 24. f4 Nc4 25. Ng4 h5 26. Ne3 Qb7 27. Rd4 Qb6 28. Rd3 Nxe3 29. Rxe3 Rc4 30. Kh1 Rxf4 31. Ref3 Rf6 32. h3 Rxe4 33. Rxf6 exf6 34. Qc2 f5 35. Qc8+ Kg7 36. Qd7+ Kf6 37. Qe8 Qc7 38. Qf8+ Kg5 39. Rf3 d5 40. Rf1 d4 41. g3 Re2 42. h4+ Kg4 43. Qf6 Qc6+ 0-1

[Event "Mar del Plata op 47th"]
[Site "Mar del Plata"]
[Date "2016.03.22"]
[Round "5"]
[White "Cimer, Emmanuel"]
[Black "Moreda, Lucas"]
[Result "1-0"]
[WhiteElo "2082"]
[BlackElo "2308"]
[PlyCount "107"]
[EventDate "2016.03.19"]
[EventType "swiss"]
[EventRounds "9"]
[EventCountry "ARG"]
[SourceTitle "CBM 171 Extra"]
[Source "ChessBase"]
[SourceDate "2016.04.26"]
[SourceVersion "1"]
[SourceVersionDate "2016.04.26"]
[SourceQuality "1"]

1. e4 c6 2. d4 d5 3. Nc3 g6 4. Nf3 Bg7 5. Be2 dxe4 6. Nxe4 Nf6 7. Nxf6+ Bxf6 8. Bh6 Qb6 9. b3 Qb4+ 10. Qd2 Qxd2+ 11. Kxd2 c5 12. c3 cxd4 13. Nxd4 Bd7 14. Bf3 Nc6 15. Nxc6 bxc6 16. Kc2 0-0-0 17. Rad1 Bf5+ 18. Kb2 Kc7 19. Be3 a5 20. Rxd8 Rxd8 21. Rd1 Bd3 22. Bd4 e5 23. Rxd3 exd4 24. cxd4 Rxd4 25. Kc2 Rf4 26. Kd1 h5 27. Rd2 Bd4 28. Re2 Rf5 29. Kc2 Bf6 30. Kd1 Kb6 31. Rc2 c5 32. Rd2 Bd4 33. a4 Kc7 34. Re2 Kd6 35. Re8 c4 36. bxc4 Kc5 37. Rb8 Kxc4 38. Be2+ Kc3 39. f3 Bc5 40. Rb5 Rd5+ 41. Ke1 Kd4 42. Kf1 Re5 43. Rxa5 Re3 44. Ra8 Ra3 45. g3 h4 46. gxh4 Bd6 47. a5 Bxh2 48. a6 Ke3 49. Re8+ Kd4 50. Ra8 Bd6 51. a7 Ra1+ 52. Kg2 Ra2 53. Rd8 Rxe2+ 54. Kf1 1-0

[Event "ARG-chT"]
[Site "Villa Martelli"]
[Date "2015.10.03"]
[Round "6.3"]
[White "Cimer, Emmanuel"]
[Black "Marey, Mauro"]
[Result "1-0"]
[WhiteElo "2128"]
[BlackElo "2175"]
[PlyCount "53"]
[EventDate "2015.08.29"]
[EventType "team-swiss"]
[EventRounds "9"]
[EventCountry "ARG"]
[SourceTitle "EXT 2017"]
[Source "ChessBase"]
[SourceDate "2016.10.25"]
[SourceVersion "1"]
[SourceVersionDate "2016.10.25"]
[SourceQuality "1"]
[WhiteTeam "Quilmes"]
[BlackTeam "Club Argentino"]
[WhiteTeamCountry "ARG"]
[BlackTeamCountry "ARG"]

1. e4 e6 2. Nf3 d5 3. Nc3 Nf6 4. e5 Nfd7 5. d4 c5 6. dxc5 Bxc5 7. Bd3 Nc6 8. Bf4 a6 9. 0-0 b5 10. a3 h6 11. h3 Nb6 12. b3 Bb7 13. Re1 Rc8 14. Ne2 0-0 15. Ng3 Nd7 16. Nh5 f5 17. g4 g6 18. gxf5 gxh5 19. Bxh6 Rxf5 20. Bxf5 exf5 21. Qxd5+ Kh8 22. Ng5 Qc7 23. Bg7+ Kxg7 24. Ne6+ Kh8 25. Nxc7 Rg8+ 26. Kf1 Nd8 27. Qxd7 1-0

[Event "ARG-ch sf 90th"]
[Site "Buenos Aires"]
[Date "2015.08.26"]
[Round "9"]
[White "Ramirez, Emilio"]
[Black "Cimer, Emmanuel"]
[Result "1/2-1/2"]
[WhiteElo "2265"]
[BlackElo "2098"]
[PlyCount "57"]
[EventDate "2015.08.20"]
[EventType "swiss"]
[EventRounds "9"]
[EventCountry "ARG"]
[SourceTitle "EXT 2016"]
[Source "ChessBase"]
[SourceDate "2015.10.08"]
[SourceVersion "1"]
[SourceVersionDate "2015.10.08"]
[SourceQuality "1"]

1. e4 c5 2. Nf3 d6 3. Bb5+ Bd7 4. a4 Nc6 5. 0-0 Nf6 6. Qe2 g6 7. e5 Nxe5 8. Nxe5 dxe5 9. Qxe5 Rc8 10. Nc3 Bg7 11. d3 0-0 12. Re1 Be6 13. Qe2 Nd7 14. Ne4 a6 15. Bc4 Bxc4 16. dxc4 Ne5 17. Be3 Qb6 18. Rab1 f5 19. Nc3 Nc6 20. Nd5 Qa5 21. Bd2 Qxa4 22. Nb6 Qxc2 23. Nxc8 Nd4 24. Nxe7+ Kf7 25. Qd1 Qxd1 26. Rbxd1 Nc2 27. Re2 Nd4 28. Ree1 Nc2 29. Re2 1/2-1/2

[Event "ARG-ch sf 90th"]
[Site "Buenos Aires"]
[Date "2015.08.23"]
[Round "6"]
[White "Cimer, Emmanuel"]
[Black "Quiroga, Facundo"]
[Result "1/2-1/2"]
[WhiteElo "2098"]
[BlackElo "2283"]
[PlyCount "53"]
[EventDate "2015.08.20"]
[EventType "swiss"]
[EventRounds "9"]
[EventCountry "ARG"]
[SourceTitle "EXT 2016"]
[Source "ChessBase"]
[SourceDate "2015.10.08"]
[SourceVersion "1"]
[SourceVersionDate "2015.10.08"]
[SourceQuality "1"]

1. e4 c5 2. Nf3 d6 3. Bb5+ Bd7 4. Bxd7+ Qxd7 5. 0-0 Nc6 6. Qe2 Nf6 7. Rd1 e6 8. d4 cxd4 9. Nxd4 a6 10. c4 Nxd4 11. Rxd4 Qc7 12. Nc3 Be7 13. Bg5 0-0 14. Rad1 h6 15. Bxf6 Bxf6 16. Rxd6 Qa5 17. Qd2 Bxc3 18. Qxc3 Qxc3 19. bxc3 Rac8 20. R1d4 Rc7 21. f4 Rfc8 22. Rd8+ Rxd8 23. Rxd8+ Kh7 24. Rd4 g5 25. g3 b5 26. cxb5 axb5 27. Rd3 1/2-1/2

[Event "ARG-ch sf 90th"]
[Site "Buenos Aires"]
[Date "2015.08.21"]
[Round "2"]
[White "Cimer, Emmanuel"]
[Black "Julia, Ernesto"]
[Result "0-1"]
[WhiteElo "2098"]
[BlackElo "2357"]
[PlyCount "82"]
[EventDate "2015.08.20"]
[EventType "swiss"]
[EventRounds "9"]
[EventCountry "ARG"]
[SourceTitle "EXT 2016"]
[Source "ChessBase"]
[SourceDate "2015.10.08"]
[SourceVersion "1"]
[SourceVersionDate "2015.10.08"]
[SourceQuality "1"]

1. e4 g6 2. d4 Bg7 3. Nc3 d6 4. Nf3 a6 5. Be2 b5 6. a4 b4 7. Na2 Bb7 8. Bd3 a5 9. c3 Nf6 10. Qc2 0-0 11. cxb4 axb4 12. Nxb4 c5 13. dxc5 dxc5 14. Qxc5 Nxe4 15. Qe3 Qa5 16. Bxe4 Qxb4+ 17. Nd2 Bc6 18. Bxc6 Nxc6 19. Qa3 Rfb8 20. 0-0 Nd4 21. Kh1 Ne2 22. Qe3 Nd4 23. Qa3 Nc2 24. Qxb4 Rxb4 25. Rb1 Raxa4 26. b3 Ra2 27. Nc4 Nd4 28. Ba3 Rb7 29. h3 h5 30. Bc5 Nb5 31. b4 Bf6 32. Ne3 e6 33. Nc4 Rb8 34. Rbd1 Rc2 35. Nb6 Bg7 36. Rd3 Nc3 37. Re1 Na2 38. Rb1 Nxb4 39. Rxb4 Rxc5 40. Nd5 Rc1+ 41. Kh2 Be5+ 0-1

[Event "American Continental 11th"]
[Site "Montevideo"]
[Date "2015.05.22"]
[Round "9"]
[White "Chemin, Justo Reinaldo"]
[Black "Cimer, Emmanuel"]
[Result "0-1"]
[WhiteElo "2135"]
[BlackElo "1982"]
[PlyCount "104"]
[EventDate "2015.05.15"]
[EventType "swiss"]
[EventRounds "11"]
[EventCountry "URU"]
[SourceTitle "CBM 167"]
[Source "ChessBase"]
[SourceDate "2015.07.13"]
[SourceVersion "1"]
[SourceVersionDate "2015.07.13"]
[SourceQuality "1"]

1. d4 Nf6 2. Nf3 g6 3. Bg5 Bg7 4. Nbd2 0-0 5. e3 d6 6. Be2 Nbd7 7. 0-0 h6 8. Bh4 e5 9. dxe5 dxe5 10. c3 g5 11. Bg3 Nh7 12. e4 Qe7 13. Nc4 c6 14. Qd6 Re8 15. Rfd1 Nhf8 16. Qxe7 Rxe7 17. Nd6 Nc5 18. b4 Na4 19. Rac1 Ng6 20. c4 c5 21. b5 Nf4 22. Bf1 Be6 23. Rd5 Rd7 24. Nf5 Nxd5 25. cxd5 Bxf5 26. exf5 Rxd5 27. Bc4 Rd7 28. Bxe5 Rad8 29. g4 Rd1+ 30. Rxd1 Rxd1+ 31. Kg2 Nb6 32. Bb3 Rc1 33. f6 c4 34. fxg7 cxb3 35. axb3 Nd7 36. Bd4 f6 37. Bxa7 b6 38. Nd4 Rc7 39. Nc6 Rb7 40. Kf3 Ne5+ 41. Ke4 Nd7 42. b4 Kxg7 43. Kf5 Kf8 44. Ke6 Ke8 45. h3 Ne5 46. Kd6 Rd7+ 47. Ke6 Nxc6 48. bxc6 Rxa7 49. b5 Ra2 50. c7 Rc2 51. Kd6 Rc3 52. f3 Rc2 0-1

[Event "American Continental 11th"]
[Site "Montevideo"]
[Date "2015.05.20"]
[Round "7"]
[White "Andrade, Roberto Luiz Costa"]
[Black "Cimer, Emmanuel"]
[Result "0-1"]
[WhiteElo "2177"]
[BlackElo "1982"]
[PlyCount "92"]
[EventDate "2015.05.15"]
[EventType "swiss"]
[EventRounds "11"]
[EventCountry "URU"]
[SourceTitle "CBM 167"]
[Source "ChessBase"]
[SourceDate "2015.07.13"]
[SourceVersion "1"]
[SourceVersionDate "2015.07.13"]
[SourceQuality "1"]

1. e4 c5 2. Nf3 d6 3. c3 Nf6 4. Be2 g6 5. 0-0 Bg7 6. Re1 0-0 7. Bf1 e5 8. d3 Nc6 9. Nbd2 Nh5 10. h3 Nf4 11. Kh2 f5 12. g3 Ne6 13. Bg2 f4 14. g4 b5 15. a4 b4 16. Qb3 Qe7 17. a5 Rb8 18. Qa4 Bd7 19. Qd1 Qd8 20. Nc4 Qc7 21. Bd2 Rb5 22. Qa4 Rfb8 23. Bf1 bxc3 24. bxc3 Bf6 25. d4 Rb3 26. Nb6 Ncxd4 27. Qxd7 axb6 28. Qxc7 Nxf3+ 29. Kh1 Nxc7 30. Bc4+ Kf8 31. Bxb3 Nxe1 32. Bxe1 bxa5 33. Ba4 Bh4 34. Kg1 Ne6 35. Bc6 Ng5 36. Kg2 f3+ 37. Kf1 Nxh3 38. c4 Rb2 39. Rxa5 Bxf2 40. Ra3 Bxe1 41. Rxf3+ Nf4 42. Kxe1 Rg2 43. Ra3 Rxg4 44. Ra7 h5 45. Rd7 h4 46. Rxd6 h3 0-1

[Event "American Continental 11th"]
[Site "Montevideo"]
[Date "2015.05.17"]
[Round "4"]
[White "Cimer, Emmanuel"]
[Black "Rodriguez Fuentealba, Diego"]
[Result "1-0"]
[WhiteElo "1982"]
[BlackElo "1522"]
[PlyCount "61"]
[EventDate "2015.05.15"]
[EventType "swiss"]
[EventRounds "11"]
[EventCountry "URU"]
[SourceTitle "CBM 167"]
[Source "ChessBase"]
[SourceDate "2015.07.13"]
[SourceVersion "1"]
[SourceVersionDate "2015.07.13"]
[SourceQuality "1"]

1. e4 e5 2. Nf3 Nc6 3. d4 exd4 4. Nxd4 Bc5 5. Nxc6 Qf6 6. Qd2 dxc6 7. Bd3 Be6 8. 0-0 Ne7 9. Nc3 0-0 10. Kh1 Rad8 11. Qe1 Qh4 12. e5 Nd5 13. Ne4 Be7 14. Bd2 Nf4 15. Qe3 Nxd3 16. cxd3 Rd5 17. Bc3 c5 18. Rad1 Rfd8 19. Rd2 b5 20. b3 b4 21. Bb2 Bf5 22. f3 Bxe4 23. fxe4 Bg5 24. Qf3 R5d7 25. e6 fxe6 26. Rdf2 Bf6 27. e5 Rxd3 28. exf6 Rxf3 29. Rxf3 g6 30. f7+ Kf8 31. Bf6 1-0

[Event "American Continental 11th"]
[Site "Montevideo"]
[Date "2015.05.16"]
[Round "2"]
[White "Cimer, Emmanuel"]
[Black "Pena, Luis"]
[Result "1-0"]
[WhiteElo "1982"]
[BlackElo "1680"]
[PlyCount "75"]
[EventDate "2015.05.15"]
[EventType "swiss"]
[EventRounds "11"]
[EventCountry "URU"]
[SourceTitle "CBM 167"]
[Source "ChessBase"]
[SourceDate "2015.07.13"]
[SourceVersion "1"]
[SourceVersionDate "2015.07.13"]
[SourceQuality "1"]

1. e4 c5 2. Nf3 d6 3. Bb5+ Bd7 4. Bxd7+ Qxd7 5. 0-0 Nc6 6. Qe2 Nf6 7. Rd1 e6 8. d4 cxd4 9. Nxd4 Nxd4 10. Rxd4 Qc6 11. Nc3 Rc8 12. Bg5 Be7 13. Rad1 0-0 14. Bxf6 Bxf6 15. Rxd6 Qc5 16. R6d3 b5 17. a3 g6 18. Rf3 Bg7 19. b4 Qc6 20. Nxb5 Qxc2 21. Qxc2 Rxc2 22. Nxa7 Re2 23. Re3 Rb2 24. Red3 Bf6 25. f4 Ra8 26. e5 Be7 27. Rd7 Bxb4 28. axb4 Rxb4 29. Rd8+ Rxd8 30. Rxd8+ Kg7 31. g3 h5 32. Rd7 h4 33. Nc6 Rc4 34. Nd8 h3 35. g4 Rc1+ 36. Kf2 Rc2+ 37. Kg3 Rg2+ 38. Kxh3 1-0

[Event "Buenos Aires La Porta Cup"]
[Site "Buenos Aires"]
[Date "2014.12.13"]
[Round "1"]
[White "Cimer, Emmanuel"]
[Black "Dolezal, Cristian"]
[Result "0-1"]
[WhiteElo "1906"]
[BlackElo "2432"]
[PlyCount "60"]
[EventDate "2014.12.13"]
[EventType "swiss"]
[EventRounds "9"]
[EventCountry "ARG"]
[SourceTitle "EXT 2016"]
[Source "ChessBase"]
[SourceDate "2015.10.08"]
[SourceVersion "1"]
[SourceVersionDate "2015.10.08"]
[SourceQuality "1"]

1. e4 g6 2. d4 Bg7 3. Nf3 d6 4. Nc3 a6 5. Be3 b5 6. a3 Bb7 7. Bd3 Nd7 8. 0-0 e6 9. Re1 Ne7 10. Qd2 h6 11. Rad1 Kf8 12. h3 Kg8 13. Nh2 Qf8 14. f4 f5 15. e5 Qf7 16. Bf2 Re8 17. Re2 Nb6 18. Rde1 Nec8 19. b3 Kh7 20. Nf1 Bf8 21. Qc1 Qd7 22. Bh4 dxe5 23. Bf6 Qxd4+ 24. Kh1 Bg7 25. Bxg7 Kxg7 26. Re3 exf4 27. Rxe6 Rxe6 28. Rxe6 f3 29. g3 Qf2 30. Qd2 Qg2+ 0-1

[Event "Villa Martelli op-B 21st"]
[Site "Villa Martelli"]
[Date "2014.11.07"]
[Round "1"]
[White "Godoy Olazabal, Arturo"]
[Black "Cimer, Emmanuel"]
[Result "1-0"]
[WhiteElo "2199"]
[BlackElo "1885"]
[PlyCount "57"]
[EventDate "2014.11.07"]
[EventType "swiss"]
[EventRounds "9"]
[EventCountry "ARG"]
[SourceTitle "CBM 163 Extra"]
[Source "ChessBase"]
[SourceDate "2014.12.23"]
[SourceVersion "1"]
[SourceVersionDate "2014.12.23"]
[SourceQuality "1"]

1. d4 Nf6 2. Nc3 g6 3. e4 d6 4. Nf3 Bg7 5. h3 Nbd7 6. Be3 0-0 7. Qd2 Re8 8. e5 dxe5 9. dxe5 Nh5 10. g4 Nxe5 11. Nxe5 Bxe5 12. gxh5 Bf5 13. hxg6 fxg6 14. 0-0-0 c6 15. Bc4+ e6 16. Qxd8 Rexd8 17. Rxd8+ Rxd8 18. Bxa7 Rd7 19. Bb6 c5 20. Bd3 Bxd3 21. cxd3 Rxd3 22. Kc2 c4 23. Be3 Kf7 24. Rd1 Bxc3 25. Rxd3 cxd3+ 26. Kxc3 Kf6 27. Kxd3 Ke5 28. b4 b5 29. Kc3 1-0

[Event "ARG-chT"]
[Site "Villa Martelli"]
[Date "2014.10.25"]
[Round "9.3"]
[White "Cristal, Ariel"]
[Black "Cimer, Emmanuel"]
[Result "1/2-1/2"]
[WhiteElo "1834"]
[BlackElo "1756"]
[PlyCount "38"]
[EventDate "2014.08.30"]
[EventType "team-tourn"]
[EventRounds "9"]
[EventCountry "ARG"]
[SourceTitle "EXT 2015"]
[Source "ChessBase"]
[SourceDate "2014.11.20"]
[SourceVersion "1"]
[SourceVersionDate "2014.11.20"]
[SourceQuality "1"]
[WhiteTeam "La Torre del Castillo"]
[BlackTeam "Quilmes"]
[WhiteTeamCountry "ARG"]
[BlackTeamCountry "ARG"]

1. e4 e5 2. Nf3 Nc6 3. Bc4 Bc5 4. b4 Bxb4 5. c3 Ba5 6. d4 exd4 7. 0-0 d6 8. cxd4 Bg4 9. Qb3 Qd7 10. Bxf7+ Kf8 11. Bxg8 Rxg8 12. d5 Nd8 13. Nd4 Bb6 14. Bb2 Nf7 15. h3 Bh5 16. Ne6+ Ke7 17. Kh1 Ne5 18. g4 Bg6 19. Nd2 Ba5 1/2-1/2

[Event "ARG-ch U2000"]
[Site "Crespo"]
[Date "2014.05.06"]
[Round "9"]
[White "Pernas, Agustin Baltazar"]
[Black "Cimer, Emmanuel"]
[Result "1/2-1/2"]
[WhiteElo "1968"]
[BlackElo "1740"]
[PlyCount "33"]
[EventDate "2014.05.02"]
[EventType "tourn"]
[EventRounds "9"]
[EventCountry "ARG"]
[SourceTitle "EXT 2016"]
[Source "ChessBase"]
[SourceDate "2015.10.08"]
[SourceVersion "1"]
[SourceVersionDate "2015.10.08"]
[SourceQuality "1"]

1. e4 e5 2. Nf3 Nc6 3. Bc4 Bc5 4. c3 Nf6 5. d3 a6 6. 0-0 d6 7. Nbd2 Ba7 8. Bb3 0-0 9. Re1 Be6 10. Nf1 Bxb3 11. axb3 Qd7 12. Ng3 h6 13. h3 Rfe8 14. Nh4 Qe6 15. Be3 Bxe3 16. Rxe3 Kh8 17. Qc2 1/2-1/2

[Event "ARG-ch U2000"]
[Site "Crespo"]
[Date "2014.05.05"]
[Round "6"]
[White "Cimer, Emmanuel"]
[Black "Villca, Julian"]
[Result "0-1"]
[WhiteElo "1740"]
[BlackElo "1798"]
[PlyCount "124"]
[EventDate "2014.05.02"]
[EventType "tourn"]
[EventRounds "9"]
[EventCountry "ARG"]
[SourceTitle "EXT 2016"]
[Source "ChessBase"]
[SourceDate "2015.10.08"]
[SourceVersion "1"]
[SourceVersionDate "2015.10.08"]
[SourceQuality "1"]

1. e4 e5 2. Nf3 Nc6 3. d4 exd4 4. Nxd4 Bc5 5. Nxc6 Qf6 6. Qd2 dxc6 7. Nc3 Bb4 8. a3 Bxc3 9. Qxc3 Qxc3+ 10. bxc3 Be6 11. Bd3 Ne7 12. 0-0 0-0-0 13. Be3 b6 14. f4 f5 15. e5 c5 16. Ba6+ Kb8 17. Bxc5 Nd5 18. c4 Nc3 19. Be3 c5 20. Rf3 Ne4 21. Re1 Rhg8 22. h4 h5 23. Rh3 Kc7 24. Rf3 Bd7 25. Bb5 Bxb5 26. cxb5 Rd7 27. Kf1 Rgd8 28. Kg1 g6 29. Rh3 Rd1 30. Kf1 R1d7 31. Kg1 Re8 32. Rf3 Kd8 33. Bf2 Ke7 34. Rd3 Red8 35. Red1 Nc3 36. Rxd7+ Rxd7 37. Rxd7+ Kxd7 38. Be3 Nxb5 39. Bc1 Nd4 40. Kf2 Nxc2 41. Bb2 Ke6 42. Ke2 b5 43. Kd2 Nd4 44. Kd3 Kd5 45. Kd2 Ne6 46. g3 a5 47. Kd3 c4+ 48. Kc3 Nc5 49. Kd2 Ne4+ 50. Ke3 Nxg3 51. Bc3 a4 52. Bb4 Ne4 53. Be1 Nc5 54. Bb4 Ne6 55. Bc3 Nd8 56. Ba5 Nc6 57. Bc3 Kc5 58. Be1 Nd4 59. Bb4+ Kd5 60. Bd6 c3 61. Bb4 c2 62. Kd2 Ne2 0-1

[Event "Pan American-ch U12 24th"]
[Site "Pocos de Caldas"]
[Date "2013.07.30"]
[Round "8.11"]
[White "Jorio Almeida, Gianluca"]
[Black "Cimer, Emmanuel"]
[Result "1/2-1/2"]
[WhiteElo "1662"]
[BlackElo "1593"]
[PlyCount "57"]
[EventDate "2013.07.25"]
[EventType "swiss"]
[EventRounds "9"]
[EventCountry "BRA"]
[SourceTitle "EXT 2016"]
[Source "ChessBase"]
[SourceDate "2015.10.08"]
[SourceVersion "1"]
[SourceVersionDate "2015.10.08"]
[SourceQuality "1"]

1. c4 Nf6 2. Nc3 g6 3. g3 Bg7 4. Bg2 0-0 5. e3 d6 6. Nge2 Nbd7 7. 0-0 Re8 8. d4 c6 9. b3 e5 10. dxe5 dxe5 11. Bb2 Qc7 12. Qc2 Nf8 13. Rfd1 h5 14. Ba3 Bd7 15. Bd6 Qc8 16. Rac1 N8h7 17. Kh1 g5 18. e4 h4 19. Qd2 h3 20. Bf1 Bg4 21. Qe3 Bh5 22. f3 g4 23. f4 Bh6 24. Qf2 Bg6 25. Bxe5 Nxe4 26. Nxe4 Bxe4+ 27. Kg1 Rxe5 28. fxe5 Bxc1 29. Nxc1 1/2-1/2

[Event "Buenos Aires Duchamp Boca op 3rd"]
[Site "Buenos Aires"]
[Date "2013.06.24"]
[Round "4"]
[White "Cimer, Emmanuel"]
[Black "Hoeschele, Hermann"]
[Result "0-1"]
[WhiteElo "1593"]
[BlackElo "1757"]
[PlyCount "150"]
[EventDate "2013.06.20"]
[EventType "swiss"]
[EventRounds "9"]
[EventCountry "ARG"]
[SourceTitle "CBM 155 Extra"]
[Source "ChessBase"]
[SourceDate "2013.08.26"]
[SourceVersion "1"]
[SourceVersionDate "2013.08.26"]
[SourceQuality "1"]

1. e4 c5 2. Nf3 e6 3. d3 d5 4. Nbd2 Nc6 5. g3 Nf6 6. Bg2 Be7 7. 0-0 0-0 8. Re1 b5 9. h4 Bb7 10. e5 Nd7 11. Nf1 a5 12. Bf4 b4 13. N1h2 a4 14. Ng4 c4 15. d4 c3 16. bxc3 bxc3 17. Qd3 Nb4 18. Qd1 Ba6 19. Bf1 Qc8 20. Bg5 Re8 21. Qc1 Bxf1 22. Rxf1 Qc4 23. Bxe7 Rxe7 24. Qg5 Kf8 25. Qh5 h6 26. Ne3 Qa6 27. g4 Ke8 28. g5 Nf8 29. gxh6 gxh6 30. Qxh6 Qe2 31. Ne1 Rb7 32. a3 Nc6 33. Rd1 Qa6 34. Nf3 Ne7 35. h5 Kd7 36. Ng5 Nf5 37. Qf6 Ke8 38. Nxf5 exf5 39. Qxf5 Qh6 40. Nh3 Rab8 41. Qg5 Qh7 42. Rd3 Rb1 43. Rxc3 Qe4 44. Rxb1 Rxb1+ 45. Kh2 Ne6 46. Qe3 Rh1+ 47. Kg3 Qf5 48. Kg2 Rxh3 49. Qxh3 Nf4+ 50. Kh2 Nxh3 51. Rxh3 Qxf2+ 52. Kh1 Qxd4 53. h6 Qe4+ 54. Kh2 Qxe5+ 55. Kg2 Qe4+ 56. Kg3 Qh7 57. Kf4 f6 58. c3 Kf7 59. Rh4 Kg8 60. Rg4+ Kh8 61. Rh4 Qe4+ 62. Kg3 Qe3+ 63. Kg4 Qg5+ 64. Kh3 Kh7 65. Rg4 Qh5+ 66. Rh4 Qf3+ 67. Kh2 f5 68. Rh3 Qf2+ 69. Kh1 f4 70. c4 f3 71. Rxf3 Qxf3+ 72. Kh2 dxc4 73. Kg1 Qe2 74. Kh1 c3 75. Kg1 c2 0-1